01166nam a22002777a 450000500170000000800410001702000180005804000270007604100080010304400070011124500910011826000720020930000640028150400420034565000540038765000470044165000630048865000600055170000390061170000340065070000450068470000350072970000410076470000400080570000430084520180803170338.0161117b2010 ck ad|||r|||| 00| 0 spa d a9789589243749 aCO-BoIAVH cCO-BoIAVH 0 aspa ack03aLa actividad pesquera en el embalse de Prado / cLuis José García Melo [y otros 6] a[Ibagué?], Colombia :bIncoder : bUniversidad del Tolima,c2010. a28 páginas : bilustraciones y gráficas ; c21 x 16 cm. aIncluye referencias bibliográficas.26aPisciculturazEmbalse de prado (Tolima, Colombia)26aPescazEmbalse de prado (Tolima, Colombia)26aProducción pesquerazEmbalse de prado (Tolima, Colombia)26aRecursos pesqueroszEmbalse de prado (Tolima, Colombia)1 aGarcía Melo, Luis Joséetextos1 aPardo Pardo, Germánetextos1 aVilla Navarro, Francisco Antonioetextos1 aReinoso-Florez, Gladysetextos1 aGarcía Melo, Jorge Enriqueetextos1 aBriñez Vásquez, Negoveretextos1 aFlórez Delgado, Nancy Yanethetextos